000 00442nam a2200193Ia 4500
005 20250603145333.0
008 250603s9999 xx 000 0 und d
020 _a9789780793876
050 _aKP 117. N3/
100 _aTijani, Nasiru
245 0 _aMatrimonial causes in Nigeria
250 _a2nd ed.
260 _aLagos
260 _bRenaissance publications
260 _c2017
300 _a44 p
650 _aLagos
942 _cBK
999 _c41565
_d41565